| 000 -LEADER | |
|---|---|
| fixed length control field | 00389nam a22001697a 4500 |
| 005 - DATE AND TIME OF LATEST TRANSACTION | |
| control field | 20170919161025.0 |
| 008 - FIXED-LENGTH DATA ELEMENTS--GENERAL INFORMATION | |
| fixed length control field | 160905b xxu||||| |||| 00| 0 eng d |
| 020 ## - INTERNATIONAL STANDARD BOOK NUMBER | |
| ISBN | 978-81-317-3383-7 |
| 041 ## - LANGUAGE CODE | |
| Language code of text/sound track or separate title | eng |
| 082 ## - DEWEY DECIMAL CLASSIFICATION NUMBER | |
| Classification number | 536.2 |
| 100 ## - MAIN ENTRY--AUTHOR NAME | |
| Personal name | RUDRAMOOTHY,R |
| 245 ## - TITLE STATEMENT | |
| Title | HEAT AND MASS TRANSFER |
| 260 ## - PUBLICATION, DISTRIBUTION, ETC. (IMPRINT) | |
| Name of publisher | PEARSON |
| Year of publication | 2011 |
| 300 ## - PHYSICAL DESCRIPTION | |
| Number of Pages | 458 |
| 650 ## - SUBJECT ADDED ENTRY--TOPICAL TERM | |
| Topical Term | ENGINEERING |
| 942 ## - ADDED ENTRY ELEMENTS (KOHA) | |
| Koha item type | Books |
| Lost status | Damaged status | Collection code | Home library | Current library | Shelving location | Date acquired | Source of acquisition | Cost, normal purchase price | Full call number | Accession Number | Copy number | Koha item type |
|---|---|---|---|---|---|---|---|---|---|---|---|---|
| Reference | JRU Library | SHELF -72- G | 05/09/2016 | PURCHASE | 536.20 | 536.2 | 21047 | 3 | Books | |||
| JRU Library | SHELF-44-J | 05/09/2016 | PURCHASE | 536.20 | 536.2 | 21048 | 3 | Books | ||||
| JRU Library | SHELF-44-J | 05/09/2016 | PURCHASE | 536.20 | 536.2 | 21049 | 3 | Books |